000 00309nam a22001217a 4500
008 180427b xxu||||| |||| 00| 0 eng d
041 _aeng
080 _a043.3
100 _a0
101 _aSHJ-BA
245 _aMasat per Sigurimin e pranise se te Pndehurit ne Procedure Penale
_cHajrizi, M
942 _2udc
_cBK
999 _c45634
_d45634